|
|
|
|
| LEADER |
00000naa2a2200000 4500 |
| 001 |
604536 |
| 005 |
20260212141458.0 |
| 035 |
|
|
|a (RuTPU)RU\TPU\conf\1808
|
| 035 |
|
|
|a RU\TPU\conf\1807
|
| 090 |
|
|
|a 604536
|
| 100 |
|
|
|a 20140306d2013 k y0rusy50 ba
|
| 101 |
0 |
|
|a eng
|
| 102 |
|
|
|a RU
|
| 135 |
|
|
|a drnn ---uucaa
|
| 181 |
|
0 |
|a i
|
| 182 |
|
0 |
|a b
|
| 200 |
1 |
|
|a Evaluation of innovative projects by real option method
|f A. V. Dudnikova
|g sci. adv. N. O. Chistyakova
|
| 203 |
|
|
|a Текст
|c электронный
|
| 225 |
1 |
|
|a Management, economy and innovations
|
| 300 |
|
|
|a Заглавие с титульного экрана
|
| 320 |
|
|
|a [Библиогр.: с. 419-420 (3 назв.)]
|
| 337 |
|
|
|a Adobe Reader
|
| 463 |
|
1 |
|0 (RuTPU)RU\TPU\conf\506
|t Импульс-2013
|o труды X Международной научно-практической конференции студентов, молодых ученых и предпринимателей в сфере экономики, менеджмента и инноваций, 27-29 ноября 2013 г., г. Томск
|f Национальный исследовательский Томский политехнический университет (ТПУ) ; под ред. С. Л. Ереминой и др.
|v [С. 418-420]
|d 2013
|
| 610 |
1 |
|
|a труды учёных ТПУ
|
| 610 |
1 |
|
|a электронный ресурс
|
| 610 |
1 |
|
|a инновационные проекты
|
| 610 |
1 |
|
|a инновации
|
| 610 |
1 |
|
|a экономическое развитие
|
| 610 |
1 |
|
|a опционы
|
| 700 |
|
1 |
|a Dudnikova
|b A. V.
|
| 702 |
|
1 |
|a Chistyakova
|b N. O.
|c economist
|c Associate Professor of Tomsk Polytechnic University, Candidate of economic sciences
|f 1980-
|g Natalya Olegovna
|4 727
|
| 712 |
0 |
2 |
|a Национальный исследовательский Томский политехнический университет (ТПУ)
|b Институт социально-гуманитарных технологий (ИСГТ)
|b Кафедра менеджмента (МЕН)
|3 (RuTPU)RU\TPU\col\18855
|
| 801 |
|
2 |
|a RU
|b 63413507
|c 20141113
|g RCR
|
| 856 |
4 |
|
|u http://www.lib.tpu.ru/fulltext/c/2013/C25/179.pdf
|
| 942 |
|
|
|c CF
|